| 000 | 00699nam a22001577a 4500 | ||
|---|---|---|---|
| 003 | OSt | ||
| 005 | 20150917104053.0 | ||
| 008 | 150917b xxu||||| |||| 00| 0 eng d | ||
| 040 | _cRUA | ||
| 082 | _aAGR VA 2005 B031 Or.1 | ||
| 100 |
_9652 _aVA, VANNAK. |
||
| 245 | _aThe effect of chiken manure on bunching onion at the crop station of royal university of agriculture ប្រសិទ្ធភាពជីលាមកមាន់លើដំណាំខ្ទឹមស្លឹកនៅស្ថានីយ៍ដំណាំសាលកវិទ្យាល៍យភូមិន្ទកសិកម្ម | ||
| 260 |
_aPhnom Penh _bRUA _c2005 |
||
| 300 |
_axi; 47p. _bill. _c29cm. |
||
| 942 |
_2ddc _cAGR |
||
| 999 |
_c624 _d624 |
||